Top 30 Current NBA Players 24-25 - Statistics

General Stats
  • This quiz has been taken 634 times
  • The average score is 22 of 30
Answer Stats
Hint Answer % Correct
Nuggets Nikola Jokic
100%
Thunder Shai Gilgeous-Alexander
99%
Bucks Giannis Antetokounmpo
98%
Celtics Jayson Tatum
96%
Lakers LeBron James
95%
Lakers Luka Doncic
95%
Timberwolves Anthony Edwards
93%
Suns Kevin Durant
92%
Mavericks Anthony Davis
91%
Warriors Steph Curry
91%
76ers Joel Embiid
89%
Hornets LaMelo Ball
88%
Spurs Victor Wembanyama
88%
Suns Devin Booker
87%
Cavaliers Donovan Mitchell
87%
Grizzlies Ja Morant
84%
Knicks Jalen Brunson
83%
Hawks Trae Young
78%
Bucks Damian Lillard
75%
Kings De'Aaron Fox
64%
Kings Domantas Sabonis
64%
Clippers Kawhi Leonard
63%
Knicks Karl-Anthony Towns
59%
76ers Tyrese Maxey
54%
Celtics Jaylen Brown
51%
76ers Paul George
46%
Mavericks Kyrie Irving
44%
Magic Poalo Banchero
38%
Pacers Tyrese Haliburton
28%
Heat Bam Adebayo
22%
No matching quizzes found
Score Distribution
Percent of People with Each Score
Percentile by Number Answered
Your Score History
You have not taken this quiz